000 00478 a2200157 4500
999 _c8001
_d8001
020 _a9781146532068
050 _aHF 5547 SCH 1919
100 _aSchulze, John William
_d1886-
_eauthor
245 _aOffice administration /
_cJohn William Schulze
250 _a1st edition
264 _aNew York,
_bMcGraw-Hill Book Co.
_c1919.
300 _axiii, 295 p. :
_bill. :21 cm
500 _aIncludes index.
650 _aOffice management
942 _2lcc
_cBK
_e1st edition
_h5547
_iSCH
_kHF